The role of Australian horticulture in the national economic development
שמור ב:
| מחבר ראשי: | |
|---|---|
| פורמט: | ספר |
| שפה: | Undetermined |
| יצא לאור: |
1987
|
| נושאים: | |
| תגים: |
הוספת תג
אין תגיות, היה/י הראשונ/ה לתייג את הרשומה!
|
| Thư viện lưu trữ: | Trung tâm Học liệu Trường Đại học Cần Thơ |
|---|
| LEADER | 00504nam a2200157Ia 4500 | ||
|---|---|---|---|
| 001 | CTU_30152 | ||
| 008 | 210402s9999 xx 000 0 und d | ||
| 082 | |a 631 | ||
| 082 | |b V431 | ||
| 100 | |a Nguyễn Quốc Vọng | ||
| 245 | 4 | |a The role of Australian horticulture in the national economic development | |
| 245 | 0 | |c Nguyễn Quốc Vọng | |
| 260 | |c 1987 | ||
| 650 | |a horticultural products,horticulture | ||
| 904 | |i Liên, 990308 | ||
| 980 | |a Trung tâm Học liệu Trường Đại học Cần Thơ | ||